000 00337nam a2200133Ia 4500
003 OSt
005 20230731110656.0
008 170524s9999 xx 000 0 und d
040 _cIIMT UNIVERSITY
100 _aSharma radyashayam
245 0 _aHindi patrakarita swaroop aur aayam
260 _bPANCHCULA: HARYANA SAHITYA
942 _2ddc
_c02
999 _c8950
_d8950